Herbert Ferber /

Saved in:
Bibliographic Details
Main Author: Goossen, E. C.
Other Authors: Ferber, Herbert, 1906-
Format: Book
Language:English
Published: New York : Abbeville Press, c1981.
Subjects:
LEADER 00933nam a2200265 a 4500
001 c000302521
003 CARM
005 20061111041137.0
008 800918s1981 nyua b 001 0 eng
019 1 |a 1803075  |z 23075598  |5 LACONCORD2021 
020 |a 0896591484 :  |c US 75.00 
035 |a (OCoLC)6790594  |5 LACONCORD2021 
050 0 0 |a N6537.F42  |b G66 
082 0 0 |a 730  |2 19 
100 1 |a Goossen, E. C. 
245 1 0 |a Herbert Ferber /  |c E.C. Goossen. 
260 |a New York :  |b Abbeville Press,  |c c1981. 
300 |a 228 p. :  |b ill. (some col.) ;  |c 34 cm. 
500 |a Includes index. 
504 |a Bibliography: p. 222-223. 
600 1 0 |a Ferber, Herbert,  |d 1906- 
700 1 0 |a Ferber, Herbert,  |d 1906- 
852 8 |b CARM  |h A2:AH34H0  |i E02140  |p 0547888  |f BK 
999 f f |i 6bb9d3c6-49e1-5ac1-9e85-bbb38d9e68a3  |s 943fddfe-ef1c-558c-85a3-5b4b5677aea7 
952 f f |p Can circulate  |a CAVAL  |b CAVAL  |c CAVAL  |d CARM 1 Store  |e E02140  |f A2:AH34H0  |h Other scheme  |i book  |m 0547888